000 00433nam a2200193Ia 4500
003 OSt
005 20220928150737.0
006 a|||||r|||| 00| 0
007 ta
008 220927b |||||||| |||| 00| 0 mal d
024 _a100572
037 _cBound Volume
040 _aSDCL
_cSDCL
_bmal
041 _2mal
_amal
245 0 _aJ.Development Finance
260 _c0000
942 _cREF
_2CC
999 _c844646
_d844646